000 00376nam a2200133Ia 4500
008 231129s2017||||xx |||||||||||||| ||spa||
020 _a978-958-4806-4-20
082 _a861.08 G643n
100 _aGonzález Salazar Alan.
245 0 _aNoche en tu silencio
260 _c2017
264 _aPereira : Códice Litografí­a
942 _2ddc
_cBKS
999 _c21739
_d21739